000 00393nam a2200133Ia 4500
008 191206s9999 xx 000 0 und d
020 _a080713113X (alk. pap
090 _aPZ1E66PN6014
245 0 _aHemingway's Italy: new perspectives
260 _aLouisiana State University Press
260 _ccc2005
300 _a"viii, 252 p. : ill., maps ; 24 cm."
999 _c16145
_d16145